मधुमेह की जड़ी-बूटी-चिकित्सा / (Record no. 120490)
[ view plain ]
| 000 -LEADER | |
|---|---|
| fixed length control field | 01305nam a22002657a 4500 |
| 005 - DATE AND TIME OF LATEST TRANSACTION | |
| control field | 20170124103158.0 |
| 010 ## - LIBRARY OF CONGRESS CONTROL NUMBER | |
| LC control number | A-348197 |
| 020 ## - INTERNATIONAL STANDARD BOOK NUMBER | |
| Terms of availability | 10.00 |
| 035 ## - SYSTEM CONTROL NUMBER | |
| System control number | A-348197 |
| 037 ## - SOURCE OF ACQUISITION | |
| Source of stock number/acquisition | Cen Lib/Ret |
| 040 ## - CATALOGING SOURCE | |
| Original cataloging agency | DPL |
| Language of cataloging | HN |
| 082 ## - DEWEY DECIMAL CLASSIFICATION NUMBER | |
| Classification number | 615.52 |
| Item number | दाशवै |
| 100 ## - MAIN ENTRY--PERSONAL NAME | |
| Personal name | दाश, वैध भगवान |
| 9 (RLIN) | 90694 |
| 245 ## - TITLE STATEMENT | |
| Title | मधुमेह की जड़ी-बूटी-चिकित्सा / |
| Statement of responsibility, etc | वैध भगवान दाश;अनुवादक कुमारी कंचन गुप्ता |
| 246 ## - VARYING FORM OF TITLE | |
| Title proper/short title | Madhumeh ki jadi-booti-chikitsa / |
| Remainder of title | by Vaidh Bhagwaan Dash;anuvadak Kumari Kanchan Gupta |
| 260 ## - PUBLICATION, DISTRIBUTION, ETC. (IMPRINT) | |
| Place of publication, distribution, etc | नई दिल्ली |
| Name of publisher, distributor, etc | बी. जैन. पब्लिशर्स |
| Date of publication, distribution, etc | 1987 |
| 270 ## - ADDRESS | |
| Address | 1921, चूना मंडी, गली नं. 10 |
| City | नई दिल्ली |
| Postal code | 110055 |
| 300 ## - PHYSICAL DESCRIPTION | |
| Extent | 90पृ. : |
| Dimensions | 17सेमी(सजिल्द) |
| Other physical details | सचित्र |
| 490 ## - SERIES STATEMENT | |
| Series statement | चिकित्सा-ग्रंथमाला |
| Volume number/sequential designation | 3 |
| 650 ## - SUBJECT ADDED ENTRY--TOPICAL TERM | |
| Topical term or geographic name as entry element | मधुमेह रोग |
| 9 (RLIN) | 1301 |
| 650 ## - SUBJECT ADDED ENTRY--TOPICAL TERM | |
| Topical term or geographic name as entry element | मधुमेह रोग--जड़ी-बूटियों से उपचार |
| 9 (RLIN) | 90695 |
| 650 ## - SUBJECT ADDED ENTRY--TOPICAL TERM | |
| Topical term or geographic name as entry element | Diabetes Disease |
| 9 (RLIN) | 90696 |
| 650 ## - SUBJECT ADDED ENTRY--TOPICAL TERM | |
| Topical term or geographic name as entry element | Diabetes--Herbal remedies |
| 9 (RLIN) | 90697 |
| 942 ## - ADDED ENTRY ELEMENTS (KOHA) | |
| Source of classification or shelving scheme | Dewey Decimal Classification |
| Koha item type | Hindi Books |
| Classification part | 615.52 |
| Call number suffix | दाशवै |
| Withdrawn status | Lost status | Damaged status | Not for loan | Home library | Current library | Date acquired | Source of acquisition | Cost, normal purchase price | Total Checkouts | Full call number | Barcode | Date last seen | Date checked out | Copy number | Cost, replacement price | Price effective from | Koha item type |
|---|---|---|---|---|---|---|---|---|---|---|---|---|---|---|---|---|---|
| Central Library | Central Library | 23/09/2015 | Cen Lib/Ret | 10.00 | 1 | 615.52 दाशवै | A-348197 | 23/03/2019 | 05/03/2019 | 1 | 10.00 | 23/09/2015 | Hindi Books |
